000 004220000a22001810004500
003 MACL
005 20150911165111.0
008 150911b xxu||||| |||| 00| 0 eng d
040 _aMACL
_cMACL
041 _aEnglish
082 _a823
100 _aManto, Saadat Hasan
_92056
245 _aPartition
260 _bViking Publishers
_c1991
_aNew Delhi
350 _a125
650 _aFiction
_910260
942 _cBK
_k823
_2ddc
999 _c4551
_d4551